Conciencia-energía (Record no. 36325)

MARC details
000 -LEADER
campo de control de longitud fija 00643nam a2200181 i 4500
001 - NÚMERO DE CONTROL
campo de control 36325
003 - IDENTIFICADOR DE NÚMERO DE CONTROL
campo de control ES-MaACL
007 - CAMPO FIJO DE DESCRIPCIÓN FÍSICA--INFORMACIÓN GENERAL
campo de control de longitud fija t|
008 - DATOS DE LONGITUD FIJA--INFORMACIÓN GENERAL
campo de control de longitud fija 030217s1983 sp ||||1| spa d
100 1# - ENTRADA PRINCIPAL--NOMBRE DE PERSONA
Nombre de persona Brosse, Thérèse.
9 (RLIN) 31936
245 10 - MENCIÓN DEL TÍTULO
Título Conciencia-energía
Resto del título : estructura del hombre y del universo, sus implicaciones científicas, sociales y espirituales /
Mención de responsabilidad, etc. Thérèse Brosse ; versión de Pedro de Casso y Ramón Gimeno.
250 ## - MENCION DE EDICION
Mención de edición [1ª ed., reimp.].
260 ## - PUBLICACIÓN, DISTRIBUCIÓN, ETC.
Lugar de publicación, distribución, etc. [Madrid] :
Nombre del editor, distribuidor, etc. Taurus,
Fecha de publicación, distribución, etc. [1983]
300 ## - DESCRIPCIÓN FÍSICA
Extensión 353 p. ;
Dimensiones 21 cm.
700 1# - ENTRADA AGREGADA--NOMBRE PERSONAL
Nombre de persona Casso, Pedro de.
9 (RLIN) 36367
700 1# - ENTRADA AGREGADA--NOMBRE PERSONAL
Nombre de persona Gimeno, Ramón.
9 (RLIN) 57084
852 ## - LOCALIZACIÓN
Ubicación ES-MaACL
Número de control de estantería L-4976
Sublocalización o colección R.105064
Holdings
Estatus retirado Estado de pérdida Estado de daño No para préstamo Biblioteca de origen Biblioteca actual Ubicación en estantería Fecha de adquisición Fuente de adquisición Total de préstamos Signatura topográfica completa Código de barras Visto por última vez Precio de reemplazo Tipo de ítem Koha
        Biblioteca del Ateneo de Madrid Biblioteca del Ateneo de Madrid Depósito 2 17/01/2008     L-4976 1038134 23/02/2023 23/02/2023 Libro impreso